| 000 | 00342nam a22001217a 4500 | ||
|---|---|---|---|
| 008 | 230731b xxu||||| |||| 00| 0 eng d | ||
| 020 | _a9211301793 | ||
| 082 |
_a362.1 _bUNI 1997 |
||
| 245 |
_aCooperative Enterprise in the Health and Social Care Sectors _bA Global Survey |
||
| 260 |
_aNew York _bUN _c1997 |
||
| 300 | _aXI,176p | ||
| 942 |
_2ddc _cBK |
||
| 999 |
_c4001 _d4001 |
||